LIBRARY & INFORMATION CENTRE, KCAET, TAVANUR

ONLINE PUBLIC ACCESS CATALOGUE (OPAC)

Repair and maintain your car / (Record no. 9239)

MARC details
000 -LEADER
fixed length control field 00461cam a2200193ua 4500
041 ## - LANGUAGE CODE
Language code of text/sound track or separate title eng
082 ## - DEWEY DECIMAL CLASSIFICATION NUMBER
Classification number 629.223
Item number OUS/RE
100 ## - MAIN ENTRY--AUTHOR NAME
Personal name Gupta, K N .
245 ## - TITLE STATEMENT
Title Repair and maintain your car /
260 ## - PUBLICATION, DISTRIBUTION, ETC. (IMPRINT)
Place of publication Newdelhi :
Name of publisher New heights ,
Year of publication 1982.
300 ## - PHYSICAL DESCRIPTION
Number of Pages 99 ; .
700 1# - ADDED ENTRY--PERSONAL NAME
Personal name Dev, R .
700 1# - ADDED ENTRY--PERSONAL NAME
Personal name Kaushish, J P .
942 ## - ADDED ENTRY ELEMENTS (KOHA)
Koha item type Books
Holdings
Withdrawn status Lost status Damaged status Home library Current library Date acquired Full call number Accession Number Koha item type
      KAUAET KAUAET 07/04/2012 629.223 14531 Books
free website counter